• 首页
  • 本馆介绍
  • 公告通知
  • 最新文献
  • 馆藏检索
  • 电子资源
  • 读者导购
  • 参考咨询
  • 我的图书馆
  • 登录
  • 详细信息显示
  • 放入我的书架
  • 预约/预借图书
  • 作者相关作品
  • 分类相关作品
  • 丛书相关作品
  • 出版社相关作品

书目信息

  • 表格格式
  • 工作单格式
  • 卡片格式
题名:
教育学
    
 
作者: 庞国彬 , 靳涌韬 主编
分册:  
出版信息: 长春   东北师范大学出版社  2011
页数: 266页
开本: 26cm
丛书名:
单 册:
中图分类: G40
科图分类:
主题词: 教育学--高等教育--教材 , 教育学
电子资源:
ISBN: 978-7-5602-6825-5
000 00953nam0 2200265 450
001 012001003513
005 20131026105027.0
010    @a978-7-5602-6825-5@dCNY34.00
100    @a20140204d2011 em y0chiy50 ea
101 0  @achi
102    @aCN@b220000
105    @ay z 000yy
106    @ar
200 1  @a教育学@9jiao yu xue@f庞国彬,靳涌韬主编
210    @a长春@c东北师范大学出版社@d2011
215    @a266页@d26cm
300    @a普通高等教育规划教材
330    @a本书围绕“学校”这一教育学的核心,从教育、学校、学生、教师、课程、教学、班级管理与建设、德育等7个方面加以阐述,理论联系实际案例,从中可以深刻领会当代教师及其工作场域中的诸多教育现象,树立先进的教育价值观和积极的教育态度。
606 0  @a教育学@x高等教育@j教材
606 0  @a教育学
690    @aG40@v5
701  0 @a庞国彬@9pang guo bin@f(1963~)@4主编
701  0 @a靳涌韬@9jin yong tao@c(女,@f1973~)@4主编
801  0 @aCN@b江苏凤凰@c20191020
905    @b1226978-81@dG40@e1010@f4
    
    教育学/庞国彬,靳涌韬主编.-长春:东北师范大学出版社,2011
    266页;26cm
    普通高等教育规划教材
    
    ISBN 978-7-5602-6825-5:CNY34.00
    本书围绕“学校”这一教育学的核心,从教育、学校、学生、教师、课程、教学、班级管理与建设、德育等7个方面加以阐述,理论联系实际案例,从中可以深刻领会当代教师及其工作场域中的诸多教育现象,树立先进的教育价值观和积极的教育态度。
●
相关链接 在E读中查询图书 在五车中查询图书 在当当中查询图书 在豆瓣中查询图书


正题名:教育学     索取号:G40/1010         预约/预借

序号 登录号 条形码 馆藏地/架位号 状态 备注
1 1226978   212269784   第一样本阅览室/ [索取号:G40/1010] 在馆    
2 1226979   212269793   教育系资料室/ [索取号:G40/1010] 在馆    
3 1226980   212269800   教育系资料室/ [索取号:G40/1010] 在馆    
4 1226981   212269819   第四借阅区/ [索取号:G40/1010] 在馆    
唐山师范学院图书馆 欢迎您!
大连网信软件有限公司© 版权所有